000 00329nam a2200133Ia 4500
008 240624s9999 xx 000 0 und d
041 _aeng
082 _a823 CUN
100 _aCUNNINGHAM MICHAEL
245 _aSPECIMEN DAYS
260 _c2006
_aLondon
_bHarper Perennial
300 _ax, : 308 : p. : cm. ; 17
365 _cBPS
_b20
999 _c14387
_d14387